European Geography By Letter O - Picture Quiz - Statistics

General Stats
  • This quiz has been taken 1,328 times
  • The average score is 9 of 18
Answer Stats
Picture Hint Answer % Correct
(sport club) Olympiacos
95%
(university) Oxford
95%
(mountain) Olympus
88%
(capital city) Oslo
87%
(plant) Olive
85%
(festival) Oktoberfest
79%
(oblast) Odessa
75%
(archipelago) Orkney
61%
(river) Oder
48%
(royal house) {Orange}-Nassau
47%
(bridge) Oresund
38%
(region) Occitania
28%
(lake) Onega
23%
(city) Orleans
23%
(island) Oland
17%
(oblast) Orenburg
16%
Strait of {Otranto}
11%
(animal) Olm
8%
No matching quizzes found
Score Distribution
Percent of People with Each Score
Percentile by Number Answered
Your Score History
You have not taken this quiz